00933 2200217 4500001002100000005001500021035002000036008004100056020001700097041000800114082001200122084001800134100002000152245004200172260002900214300003100243500003200274520035800306650002500664990002600689INLIS00000000000192720221112013003 a0010-0520001927221112 | | eng  a0-8299-20668 aeng a808.066 a808.066 WEI l0 aWeihofen, Henry1 aLegal Writing Style /cHenry Weihofen aUSA :bWest Group,c1980 axi, 332 p.; 23 cm ;c23 cm aIndeks : Index (p. 327-332) aThis book should be as useful to the practicing lawyer as to the student in law school. Consist of 13 chapters from introduction until how to serve the argument and use the fact. This is no more book of rhetoric, no legal grammar. Though its contents are directed primarily to law students. What is written is of value to experienced lawyers and judges. 4a1. Legal composition a07674/MKRI-P/XII-2007